<?xml version="1.0" encoding="UTF-8"?>
<record
    xmlns:xsi="http://www.w3.org/2001/XMLSchema-instance"
    xsi:schemaLocation="http://www.loc.gov/MARC21/slim http://www.loc.gov/standards/marcxml/schema/MARC21slim.xsd"
    xmlns="http://www.loc.gov/MARC21/slim">

  <leader>00853nam a2200181Ia 4500</leader>
  <controlfield tag="008">151202s9999||||xx |||||||||||||| ||und||</controlfield>
  <datafield tag="082" ind1=" " ind2=" ">
    <subfield code="b">PNVM-49045</subfield>
  </datafield>
  <datafield tag="100" ind1=" " ind2=" ">
    <subfield code="a">&#x938;&#x902;&#x92A;&#x93E;-&#x92A;&#x94D;&#x930;&#x93F;&#x92F;&#x93E;&#x902;&#x915;&#x93E;/&#x905;&#x928;&#x941;-&#x915;&#x94B;&#x932;&#x94D;&#x939;&#x947; &#x930;&#x935;&#x940;&#x902;&#x926;&#x94D;&#x930;.</subfield>
  </datafield>
  <datafield tag="245" ind1=" " ind2=" ">
    <subfield code="a">&#x92D;&#x93E;&#x930;&#x924;&#x93E;&#x924;&#x940;&#x932; &#x909;&#x924;&#x94D;&#x938;&#x935;-&#x939;&#x94B;&#x933;&#x940;.</subfield>
  </datafield>
  <datafield tag="260" ind1=" " ind2=" ">
    <subfield code="b">"&#x921;&#x93E;&#x92F;&#x92E;&#x902;&#x921; &#x92A;&#x949;&#x915;&#x947;&#x91F; &#x92C;&#x941;&#x915;&#x94D;&#x938; &#x92A;&#x94D;&#x930;&#x93E;. &#x932;&#x93F;. , &#x926;&#x93F;&#x932;&#x94D;&#x932;&#x940;."</subfield>
  </datafield>
  <datafield tag="260" ind1=" " ind2=" ">
    <subfield code="c">2012</subfield>
  </datafield>
  <datafield tag="300" ind1=" " ind2=" ">
    <subfield code="a">24</subfield>
  </datafield>
  <datafield tag="600" ind1=" " ind2=" ">
    <subfield code="a">&#x938;&#x902;&#x92A;&#x93E;-&#x92A;&#x94D;&#x930;&#x93F;&#x92F;&#x93E;&#x902;&#x915;&#x93E;/&#x905;&#x928;&#x941;-&#x915;&#x94B;&#x932;&#x94D;&#x939;&#x947; &#x930;&#x935;&#x940;&#x902;&#x926;&#x94D;&#x930;.</subfield>
  </datafield>
  <datafield tag="630" ind1=" " ind2=" ">
    <subfield code="a">&#x92D;&#x93E;&#x930;&#x924;&#x93E;&#x924;&#x940;&#x932; &#x909;&#x924;&#x94D;&#x938;&#x935;-&#x939;&#x94B;&#x933;&#x940;.</subfield>
  </datafield>
  <datafield tag="700" ind1=" " ind2=" ">
    <subfield code="a">&#x938;&#x902;&#x92A;&#x93E;-&#x92A;&#x94D;&#x930;&#x93F;&#x92F;&#x93E;&#x902;&#x915;&#x93E;/&#x905;&#x928;&#x941;-&#x915;&#x94B;&#x932;&#x94D;&#x939;&#x947; &#x930;&#x935;&#x940;&#x902;&#x926;&#x94D;&#x930;.</subfield>
  </datafield>
  <datafield tag="730" ind1=" " ind2=" ">
    <subfield code="a">&#x92D;&#x93E;&#x930;&#x924;&#x93E;&#x924;&#x940;&#x932; &#x909;&#x924;&#x94D;&#x938;&#x935;-&#x939;&#x94B;&#x933;&#x940;.</subfield>
  </datafield>
  <datafield tag="942" ind1=" " ind2=" ">
    <subfield code="c">BOOK</subfield>
  </datafield>
  <datafield tag="999" ind1=" " ind2=" ">
    <subfield code="c">1314942</subfield>
    <subfield code="d">1314939</subfield>
  </datafield>
  <datafield tag="952" ind1=" " ind2=" ">
    <subfield code="0">0</subfield>
    <subfield code="1">0</subfield>
    <subfield code="4">0</subfield>
    <subfield code="7">0</subfield>
    <subfield code="a">PNVM</subfield>
    <subfield code="b">PNVM</subfield>
    <subfield code="d">2015-06-21</subfield>
    <subfield code="g">0.00</subfield>
    <subfield code="l">0</subfield>
    <subfield code="o">PNVM-49045</subfield>
    <subfield code="p">PNVM-49045</subfield>
    <subfield code="r">2015-12-02 00:00:00</subfield>
    <subfield code="v">0.00</subfield>
    <subfield code="w">2015-12-02</subfield>
    <subfield code="y">BOOK</subfield>
  </datafield>
</record>
